Man, Woman, Boy, or Girl? Quiz Stats

 Plays Quiz Updated Jun 24, 2018

Score 0/40 Timer 05:00
3 Plays Today
Question Answer Wrong Answers
Dead _____ Walking
Nonfiction book by Sister Helen Prejean
Man
91.6%
Woman
0.5%
Boy
0.4%
Girl
0.7%
Game _____
Classic Nintendo handheld console
Boy
91.2%
Man
1%
Woman
0.3%
Girl
0.7%
The Little Drummer _____
Christmas song written in the 1940s
Boy
90.7%
Man
0.8%
Woman
0.2%
Girl
1.6%
The Old _____ and the Sea
Ernest Hemingway novel
Man
90.6%
Woman
1.5%
Boy
0.7%
Girl
0.3%
_____ in the Moon
Perceived face on the Moon
Man
90.5%
Woman
0.7%
Boy
1.2%
Girl
0.6%
_____ George
Name of the lead singer of Culture Club
Boy
90.3%
Man
2%
Woman
0.4%
Girl
0.6%
Danny _____
Traditional Irish folk ballad
Boy
89.8%
Man
1.8%
Woman
0.3%
Girl
1.2%
Pretty _____
Julia Roberts and Richard Gere movie
Woman
89.6%
Man
0.3%
Boy
0.4%
Girl
3.1%
Scent of a _____
1974 Italian film (or its American remake with Al Pacino)
Woman
88.5%
Man
3.1%
Boy
0.5%
Girl
1%
Gone _____
Gillian Flynn novel or its David Fincher directed adaptation
Girl
87.6%
Man
1.9%
Woman
1.4%
Boy
2.3%
The _____ with the Dragon Tattoo
First book in the Millennium trilogy
Girl
87%
Man
2.3%
Woman
2.6%
Boy
1.3%
I Kissed a _____
Katy Perry (or Jill Sobule) song
Girl
86.6%
Man
1%
Woman
1.4%
Boy
4.2%
Material _____
1980s Madonna single
Girl
86.1%
Man
1.6%
Woman
5.2%
Boy
0.5%
The _____ Who Shot Liberty Valance
Classic John Ford directed Western
Man
85.7%
Woman
2.1%
Boy
3.9%
Girl
1.2%
My _____
Hit for The Temptations, or a 1990s coming of age movie
Girl
84.8%
Man
3.6%
Woman
2.6%
Boy
2.2%
Invisible _____
Ralph Ellison novel
Man
83.3%
Woman
5.7%
Boy
2.3%
Girl
2.2%
Bad _____ Records
Label founded by Sean 'Diddy' Combs
Boy
82.4%
Man
6.5%
Woman
0.9%
Girl
3.1%
Blue _____ Group
Experimental musical/performance art group
Man
80.4%
Woman
1.4%
Boy
9.5%
Girl
1.8%
The _____ Wonder
Nickname of DC Comics' Robin
Boy
79.2%
Man
1%
Woman
10.7%
Girl
2.5%
Po' _____
Traditional sandwich from Louisiana
Boy
79.2%
Man
9.4%
Woman
1.7%
Girl
2.7%
The Third _____
Orson Welles film classic
Man
78.5%
Woman
7.8%
Boy
3.8%
Girl
2.8%
_____, Interrupted
1993 Susanna Kaysen memoir (or its 1999 film adaptation)
Girl
78.2%
Man
3.9%
Woman
8%
Boy
2.7%
Dr. Quinn, Medicine _____
1990s Western medical drama
Woman
78.1%
Man
13.6%
Boy
0.8%
Girl
0.7%
_____ with a Pearl Earring
Painting by Johannes Vermeer (or a Scarlett Johansson film)
Girl
77.1%
Man
1.4%
Woman
14.1%
Boy
0.6%
_____ of La Mancha
Musical with 'The Impossible Dream'
Man
76.7%
Woman
9.6%
Boy
2.3%
Girl
4.3%
It _____
Phrase first coined in reference to silent film star Clara Bow
Girl
76%
Man
6.1%
Woman
7.6%
Boy
3%
The _____ in White
Wilkie Collins mystery novel
Woman
74.8%
Man
10.1%
Boy
1.1%
Girl
7.1%
No _____, No Cry
Legendary song by Bob Marley
Woman
73.8%
Man
6.5%
Boy
4.3%
Girl
8.5%
His _____ Friday
1940 Cary Grant-Rosalind Russell comedy
Girl
72.5%
Man
9.8%
Woman
3.7%
Boy
7%
Nowhere _____
Song by the Beatles
Man
72%
Woman
3.2%
Boy
7.8%
Girl
10%
L.A. _____
Song and album by The Doors
Woman
71.2%
Man
5%
Boy
3.4%
Girl
13.4%
Phenomenal _____
Famous poem by Maya Angelou
Woman
70.5%
Man
6.8%
Boy
2.8%
Girl
12.6%
That _____
1960s Marlo Thomas sitcom
Girl
70.2%
Man
7.6%
Woman
8.2%
Boy
7%
A _____ Named Sue
Johnny Cash song
Boy
69%
Man
2.9%
Woman
4.5%
Girl
17.1%
Just Like a _____
Song by Bob Dylan
Woman
65.6%
Man
12.6%
Boy
8.1%
Girl
6.7%
Little _____
Name of the first atomic bomb dropped on Hiroshima
Boy
64.4%
Man
15.8%
Woman
7.6%
Girl
5.6%
Ain't I a _____?
Famous speech by Sojourner Truth
Woman
63.3%
Man
21.8%
Boy
3.6%
Girl
4.3%
The Blue _____
Painting by Thomas Gainsborough
Boy
60.7%
Man
15.4%
Woman
10%
Girl
7%
A Portrait of the Artist as a Young _____
James Joyce novel
Man
59.9%
Woman
6.2%
Boy
18.5%
Girl
8.3%
The Bionic _____
Spinoff of The Six-Million Dollar Man
Woman
46%
Man
45%
Boy
2%
Girl
0.5%

You're not logged in!

Compare scores with friends on all Sporcle quizzes.
OR
Log In

Sporcle TV

Today on Sporcle TV


Watch our educational content, quiz creation guides, and fun videos on Sporcle TV.

Show Comments

Extras

Top Quizzes Today


Score Distribution

Your Account Isn't Verified!

In order to create a playlist on Sporcle, you need to verify the email address you used during registration. Go to your Sporcle Settings to finish the process.

Report this User

Report this user for behavior that violates our Community Guidelines.

Details: